|
|
|
|
| LEADER |
00000nbm0a2200000 4500 |
| 001 |
126824 |
| 005 |
20231031132025.0 |
| 035 |
|
|
|a (RuTPU)RU\TPU\book\137189
|
| 090 |
|
|
|a 126824
|
| 100 |
|
|
|a 20071204d1974 k y0rusy50 ca
|
| 101 |
0 |
|
|a rus
|
| 102 |
|
|
|a RU
|
| 105 |
|
|
|a a m 001zy
|
| 200 |
1 |
|
|a Исследование волновых процессов в обмотках статоров генераторов при повреждении корпусной изоляции
|e Диссертация на соискание ученой степени кандидата технических наук
|e Спец. 05.09.01
|f В. Г. Тихобаев
|g Сибирский научно-исследовательский институт энергетики; науч. рук. З. Г. Каганов
|
| 210 |
|
|
|a Новосибирск
|d 1974
|
| 215 |
|
|
|a 160 л.
|c ил.
|
| 320 |
|
|
|a Библиогр.: с.139-151 ( 125 назв.)
|
| 610 |
1 |
|
|a генераторы
|
| 610 |
1 |
|
|a обмотки
|
| 610 |
1 |
|
|a статоры
|
| 610 |
1 |
|
|a волновые процессы
|
| 610 |
1 |
|
|a исследования
|
| 610 |
1 |
|
|a изоляция
|
| 610 |
1 |
|
|a импульсные напряжения
|
| 610 |
1 |
|
|a трансформаторы
|
| 610 |
1 |
|
|a математические модели
|
| 610 |
1 |
|
|a схемы замещения
|
| 610 |
1 |
|
|a расчет
|
| 610 |
1 |
|
|a диссертации
|
| 675 |
|
|
|a 621.313.12(048)
|v 3
|
| 686 |
|
|
|a 05.09.01
|2 oksvnk
|
| 700 |
|
1 |
|a Тихобаев
|b В. Г.
|g Валерий Георгиевич
|
| 702 |
|
1 |
|a Каганов
|b З. Г.
|4 727
|
| 712 |
0 |
2 |
|a Сибирский научно-исследовательский институт энергетики
|2 stltpush
|3 (RuTPU)RU\TPU\col\8801
|
| 801 |
|
1 |
|a RU
|b 63413507
|c 20071204
|g PSBO
|
| 801 |
|
2 |
|a RU
|b 63413507
|c 20071204
|g PSBO
|
| 942 |
|
|
|c BK
|